000 00592nam a2200193 a 4500
001 22802
003 CO-ViMGA
008 141112s2004 ck r 000 u spa d
020 _a9586909182
040 _aCO-ViMGA
_bspa
_cCO-ViMGA
082 0 4 _a349.39 I437e
100 1 _aIhering, Rudolf Von
_932603
245 1 0 _aEl espĂ­ritu del derecho romano
260 _aColombia :
_bLeyer
300 _a703p.
505 _aEl nacimiento del derecho romano, El sistema del erecho estricto o especifico, Los derechos del antiguo derecho privado
650 1 4 _aDERECHO ROMANO
_948186
942 _2ddc
_cBK
999 _c31099
_d31099